Pestalozzi y las bases de la educación moderna.

Gespeichert in:
Bibliographische Detailangaben
1. Verfasser: Díaz González Iturbe, Alfredo (autor)
Format: Buch
Sprache:Spanisch
Schriftenreihe:(Biblioteca pedagógica ; no. 31)
Schlagworte:
Tags: Tag hinzufügen
Keine Tags, Fügen Sie das erste Tag hinzu!

MARC

LEADER 00000cam^a2200000uu^4500
001 000479947
005 20250521000000.0
008 050901s1986^^^^^^^^^^^^rd^r^^000^0^spa^d
009 20260310124950.85
022 |a 9686125183 
035 |a FCE 000022954 
035 |a FCE 004133 
037 |a Acervo ITESO - Biblioteca 
041 |a spa 
082 0 4 |a 082.1  |b SECa 31 
100 |a Díaz González Iturbe, Alfredo  |e (autor) 
245 1 0 |a Pestalozzi y las bases de la educación moderna. 
264 |a México :  |b SEP : El Caballito,  |c 1986. 
300 |a 159 p. 
336 |a texto  |b txt  |2 rdacontenido 
337 |a sin mediación  |b n  |2 rdamedio 
338 |a volumen  |b nc  |2 rdasoporte 
440 0 |a (Biblioteca pedagógica ;  |v no. 31) 
649 |a XX 
650 |a Educación popular 
650 |a Desarrollo del niño 
650 |a Desarrollo del lenguaje 
650 |a Teoría del aprendizaje 
650 |a Educadores 
650 |a Capacitación 
650 |a Pedagogía 
650 |a Suiza 
910 |a Fondo Centro de Estudios Educativos 
920 |a Impresos - Libros 
930 |a Fondos Especiales 
905 |a 133 
901 |a ALE004133  |b IT2  |c CEE  |u 20250521 
901 |a ALE045412  |b IT2  |c CEE  |u 20250521 
901 |a ALE045413  |b IT2  |c CEE  |u 20250521 
902 |a https://opac.biblio.iteso.mx/vufind/Record/000479947